К изучению народной речи в Сибири

Detalles Bibliográficos
Autor principal: Рамзевич Н. К.
Sumario:Из "Русского Филологического Вестника"
Читано на временных педагогических курсах (для учителей и учительниц начальных училищ) бывших в г. Томске летом 1913 года.
Lenguaje:ruso
Publicado: Варшава, Типография Варшавского Учебного Округа, 1914
Materias:
Formato: MixedMaterials Libro
KOHA link:https://koha.lib.tpu.ru/cgi-bin/koha/opac-detail.pl?biblionumber=339383

MARC

LEADER 00000nam0a2200000 4500
001 339383
005 20231101032751.0
035 |a (RuTPU)RU\TPU\book\365898 
090 |a 339383 
100 |a 20171219d1914 m y0rusy50 ca 
101 0 |a rus 
102 |a RU 
105 |a y z 000zy 
200 1 |a К изучению народной речи в Сибири  |f Н. К. Рамзевич 
210 |a Варшава  |c Типография Варшавского Учебного Округа  |d 1914 
215 |a 9 с. 
300 |a Из "Русского Филологического Вестника" 
300 |a Читано на временных педагогических курсах (для учителей и учительниц начальных училищ) бывших в г. Томске летом 1913 года. 
606 |a Славянские языки  |x Диалекты  |2 stltpush  |3 (RuTPU)RU\TPU\subj\55084 
610 1 |a народная речь 
610 1 |a Сибирь 
610 1 |a Томск 
610 1 |a образование 
686 |a Ш141  |v LBC/SL-A  |2 rubbk 
700 1 |a Рамзевич  |b Н. К. 
801 1 |a RU  |b 63413507  |c 20171219 
801 2 |a RU  |b 63413507  |c 20171219  |g RCR 
942 |c BK